Komunikačné správanie detí

Bibliographic Details
Main Authors: Čupíková, Zdena (Author), Holinová, Hilda, 1934-2013 (Author)
Format: Article
Language:Slovak
Subjects:

MARC

LEADER 00000nab a2200000 a 4500
001 vtls000468432
003 SK-MaSNL
005 20260303210753.0
008 230223c1992 xo 0 slo
015 |a SNBRB19rr/mm-uuuuu 
035 |a CL0468565 
035 |a urn:nbn:sk:snk-abb4m 
035 |a (urnnbn)urn:nbn:sk:snk:ar-a03vgu 
035 |a (uuid)bc53f808-d2be-4eda-a847-6e9262ef1b74 
040 |a SNKBUCL  |b slo  |c SNKBUCL  |e AACR2 
041 0 |a slo 
044 |a xo  |c SK 
080 |a 379.8-053.2  |2 1981 
080 |a 028.1  |2 1981 
080 |a 05  |2 1981 
080 |a 659.3  |2 1981 
100 1 |a Čupíková, Zdena  |4 aut  |9 318884 
245 1 0 |a Komunikačné správanie detí  |c Zdena Čupíková 
650 0 7 |a voľný čas  |2 snkbucl  |9 3355 
650 0 7 |a deti  |2 snkbucl  |9 773 
650 0 7 |a tlač periodická  |2 snkbucl  |9 898480 
650 0 7 |a prostriedky masovej informácie a propagácie  |2 snkbucl  |9 953249 
655 7 |a články z novín a časopisov  |2 snkbucl  |9 267496 
700 1 |a Holinová, Hilda,  |d 1934-2013  |4 aut  |9 86585 
773 0 |t Otázky žurnalistiky  |g Roč. 35, č. 2 (1992), s. 109-110 
787 0 8 |i Rec.:  |a Holinová, Hilda  |t Deti a prostriedky masovej komunikácie  |d Bratislava : Novinársky študijný ústav, 1991 
850 |a Slovenská národná knižnica v Martine  |a MTA001 
852 |a SNK  |b KIS3GCP 
954 |a odborná, vedecká literatúra pôvodná (slovenská)  |2 lita 
958 |a RK 
958 |a OND 
958 |a EUIPO 
958 |a article27 
992 |a RBX 
999 |c 2201574  |d 2203504